| 000 | 00683nam a2200229Ia 4500 | ||
|---|---|---|---|
| 005 | 20220316235842.0 | ||
| 008 | 121119s2003 sp a gr 000 0 spa | ||
| 020 | _a8486732751 | ||
| 041 | 0 | _aspa | |
| 082 | 0 | 4 |
_aR 611.0223 _bA74a |
| 245 | 1 | 0 |
_aAtlas de anatomía _bel cuerpo y la salud |
| 250 | _aPrimera edición | ||
| 300 |
_a112 páginas _bilustraciones _c23 cm |
||
| 650 | 1 | 4 |
_aAnatomía humana _vAtlas _2LEMB |
| 650 | 1 | 4 |
_aCuerpo humano _vAtlas _2LEMB |
| 942 |
_2ddc _cREF |
||
| 264 |
_aMadrid _bCultura _c2003 |
||
| 336 |
_atexto _btxt _2rdacontent |
||
| 337 |
_asin mediación _bn _2rdamedia |
||
| 338 |
_avolumen _bnc _2rdacarrier |
||
| 040 |
_aCO-BoRNBP _bspa _erda _cCO-BoRNBP |
||
| 999 |
_c2387 _d2387 |
||